Record du monde de natation en bassin de 25m - Statistiques

Statistiques générales
  • Ce quiz a été pris 3 fois
  • Le résultat moyen est 33 sur 48
Statistiques - réponses
Nage Distance Nationalité Temps Année Réponse % Correct
4 x 200m 7.30.13 2024 Australie
100%
Relais 4 nages 4 x 50m 1.42.35 2022 Australie
100%
4 nages 100m États-Unis 49.28 2020 Caeleb Dressel
100%
800m Irlande 7.20.45 2023 Daniel Wiffen
100%
4 x 100m 3.01.66 2024 États-Unis
100%
4 x 200m 6.40.51 2024 États-Unis
100%
4 x 100m 3.25.01 2024 États-Unis
100%
4 x 100m 3.40.41 2024 États-Unis
100%
Relais 4 nages 4 x 50m 1.35.15 2022 États-Unis
100%
Relais nage libre 4 x 50m 1.20.77 2008 France
100%
Mixte Relais nage libre 4 x 50m 1.27.33 2022 France
100%
Féminin Nage libre 50m États-Unis 22.83 2024 Gretchen Walsh
100%
Papillon 50m États-Unis 23.72 2025 Gretchen Walsh
100%
100m États-Unis 52.71 2024 Gretchen Walsh
100%
4 nages 100m États-Unis 55.11 2024 Gretchen Walsh
100%
Masculin Nage libre 50m Îles Caïmans 19.90 2024 Jordan Crooks
100%
Dos 50m Russie 22.11 2022 Kliment Kolesnikov
100%
100m Australie 44.84 2021 Kyle Chalmers
100%
200m France 1.48.88 2024 Léon Marchand
100%
Papillon 50m Suisse 21.32 2024 Noé Ponti
100%
Dos 50m États-Unis 25.23 2024 Regan Smith
100%
100m États-Unis 54.02 2024 Regan Smith
100%
400m Canada 3.50.25 2024 Summer McIntosh
100%
200m Canada 1.59.32 2024 Summer McIntosh
100%
400m Canada 4.15.48 2024 Summer McIntosh
100%
200m Pays-Bas 1.59.52 2025 Caspar Corbeau
67%
400m Japon 3.54.81 2019 Daiya Seto
67%
100m Hongrie 48.16 2025 Hubert Kós
67%
200m Hongrie 1.45.12 2025 Hubert Kós
67%
Relais 4 nages 4 x 50m 1.29.72 2023 Italie
67%
1500m États-Unis 15.08.24 2022 Katie Ledecky
67%
200m Australie 1.57.33 2024 Kaylee McKeown
67%
4 x 100m 3.18.68 2024 Russie
67%
Brasse 50m Turquie 24.95 2021 Emre Sakçı
33%
100m Biélorussie 55.28 2021 Ilya Shymanovich
33%
100m Canada 47.68 2025 Joshua Liendo
33%
100m États-Unis 49.93 2025 Kate Douglass
33%
200m États-Unis 2.12.50 2024 Kate Douglass
33%
200m États-Unis 2.01.63 2024 Kate Douglass
33%
400m France 3.32.25 2012 Yannick Agnel
33%
1500m Allemagne 14.06.88 2021 Florian Wellbrock
0%
800m Australie 7.54.00 2025 Lani Pallister
0%
200m États-Unis 1.38.61 2024 Luke Hobson
0%
200m Australie 1.49.36 2025 Mollie O'Callaghan
0%
Relais nage libre 4 x 50m 1.32.50 2020 Pays-Bas
0%
Brasse 50m Lituanie 28.37 2022 Rūta Meilutytė
0%
100m Lituanie 1.02.36 2013 Rūta Meilutytė
0%
200m Japon 1.46.85 2022 Tomoru Honda
0%
Aucun quiz correspondant
Distribution des résultats
% des personnes avec chaque résultat
Percentile par nombre de réponses
Votre historique - résultats
Vous n’avez pas pris ce quiz